000 00432nam a2200181Ia 4500
001 20483
005 20260306172809.0
008 260306t2005||||xx |||||||||||||| ||spa||
041 _aESP
082 _a343.314
_bB24
100 _aBartozzo, Luis Fernando
_eAUT
245 2 _aA democracia na constituiƧao
260 _c2005
300 _a214 pƔginas :
_c21 cm.
650 _aGEN
654 _aCDE
942 _cLIB
_dJUS
_fJUS
_2ddc
_n
999 _c20483
_d20483